000 00163nam a2200085Ia 4500
100 _aPETER LAURANCE
942 _cBK
245 _aTHE PETER PRINCIPLE
260 _b#N/A
999 _c24550
_d24550